| Registos Bibliográficos associados ao registo de autoridade |
|
Etiqueta de registo: 00254nam 2200025 450 001 2285334 003 http://id.bnportugal.gov.pt/bib/catbnp/2285334 010 ## $a978-989-53438-7-4 021 ## $aPT$b556603/25 100 ## $a20260427d2025 m y0pory01030103ba 101 1# $afre$cpor 102 ## $aPT 105 ## $aa b 000yy 106 ## $ar 200 1# $a L' Art equestre au Portugal$ede la Picaria Real à l'École Portugaise d'Art Equestre$fcoord. Daniel Silva$gtexte Miriam Dourado$gphot. Pedro Yglesias de Oliveira 205 ## $a1ère éd 210 #9 $aSintra$cParques de Sintra - Monte da Lua,$d2025 215 ## $a137, [2] p.$cil.$d31 cm 700 #1 $aDourado,$bMiriam$31997064 702 #1 $96$aSilva,$bDaniel$4340$31997065 702 #1 $aOliveira,$bPedro Yglésias de$4600$31438738 801 #0 $aPT$bBN$gRPC 966 ## $lBN$mFGMON$x1 966 ## $lBN$mFGMON$x1 971 ## $cssilva$d20260427
Etiqueta de registo: 00254nam 2200025 450 001 2285333 003 http://id.bnportugal.gov.pt/bib/catbnp/2285333 010 ## $a978-989-53438-5-0 021 ## $aPT$b556602/25 100 ## $a20260427d2025 m y0pory01030103ba 101 0# $apor 102 ## $aPT 105 ## $aa b 000yy 106 ## $ar 200 1# $aArte equestre em Portugal$eda Picaria Real à Escola Portuguesa de Arte Equestre$fcoord. Daniel Silva$gtexto Miriam Dourado$gfot. Pedro Yglesias de Oliveira 205 ## $a1ª ed 210 #9 $aSintra$cParques de Sintra - Monte da Lua,$d2025 215 ## $a137, [2] p.$cil.$d31 cm 700 #1 $aDourado,$bMiriam$31997064 702 #1 $96$aSilva,$bDaniel$4340$31997065 702 #1 $aOliveira,$bPedro Yglésias de$4600$31438738 801 #0 $aPT$bBN$gRPC 966 ## $lBN$mFGMON$x1 966 ## $lBN$mFGMON$x1 971 ## $cssilva$d20260427
Etiqueta de registo: 00254nam 2200025 450 001 2285527 003 http://id.bnportugal.gov.pt/bib/catbnp/2285527 010 ## $a978-989-53438-5-0 021 ## $aPT$b556604/25 100 ## $a20260429d2025 m y0pory01030103ba 101 1# $aeng 102 ## $aPT 105 ## $aa b 000yy 106 ## $ar 200 1# $aEquestrian art in Portugal$efrom the Picaria Real to the Portuguese School of Equestrian Art$fcoord. Daniel Silva$gtext Miriam Dourado$gphot. Pedro Yglesias de Oliveira 205 ## $a1st ed 210 #9 $aSintra$cParques de Sintra - Monte da Lua,$d2025 215 ## $a137, [2] p.$cil.$d31 cm 700 #1 $aDourado,$bMiriam$31997064 702 #1 $96$aSilva,$bDaniel$4340$31997065 702 #1 $aOliveira,$bPedro Yglésias de$4600$31438738 801 #0 $aPT$bBN$gRPC 966 ## $lBN$mFGMON$x1 966 ## $lBN$mFGMON$x1 971 ## $cssilva$d20260429
|
|
|